000 01032pam a2200349 i 4500
999 _c888
_d888
001 019009223
003 Uk
005 20191224144253.0
008 181026s2018 stka j 000 1 eng c
015 _aGBB8E7180
_2bnb
016 7 _a019009223
_2Uk
020 _a9781781127070 (pbk.) :
035 _a(StEdNL)99115770641604341
040 _aStDuBDS
_beng
_cStDuBDS
_dStEdNL
_dUk
_erda
042 _aukscp
082 _aFIC BRA
100 1 _aBradford, Chris,
_eauthor.
245 1 0 _aVirus /
_cChris Bradford ; with illustrations by Anders Frang.
264 1 _aEdinburgh :
_bBarrington Stoke,
_c2018.
300 _a121 pages :
_billustrations ;
_c20 cm.
336 _atext
_2rdacontent
337 _aunmediated
_2rdamedia
338 _avolume
_2rdacarrier
440 _aSuper readable
490 1 _aVirtual kombat
500 _aFormerly CIP.
_5Uk
655 0 _aScience fiction.
655 0 _aChildren's stories.
655 0 _aHigh interest-low vocabulary books.
700 1 _aFrang, Anders,
_eillustrator.
942 _2ddc
_cFIC